| 000 | 00669nam a2200241Ia 4500 | ||
|---|---|---|---|
| 003 | OSt | ||
| 005 | 20221005090753.0 | ||
| 006 | a|||||r|||| 00| 0 | ||
| 007 | ta | ||
| 008 | 221004b |||||||| |||| 00| 0 eng d | ||
| 024 | _a18802 | ||
| 037 |
_bGift, 04/06/2015, _cTextual |
||
| 040 |
_aCRL _cCRL _beng |
||
| 041 |
_2eng _aeng |
||
| 082 | _aO111,2N4x, H2 | ||
| 100 | _aCerf Bennett A | ||
| 245 | 0 | _aSixteen famous British plays | |
| 260 |
_aNew York _bModern Library USA _c1942 |
||
| 300 |
_a1000p. _ccm. |
||
| 650 | _aENGLISH LITERATURE | ||
| 942 |
_hO111,2N4x, H2 _cTEXL _2cc |
||
| 999 |
_c996326 _d996326 |
||